00520 2200193 4500001002100000008004100021035001900062245006600081100001500147250000900162260003300171300002400204020002100228084001900249082001300268650000900281990001800290990001800308INLIS000000000015619 ind $a 0010-1123000497$a Ikunenmo : $b Bertahun tahun rasaku bersamamu / $c Vindy Putri$a Vindy Putri$a Cet.1$a Yogyakarta : $b Baca $c 2013 $a 172 hlm. ; $c 20 cm.$a 978-602-7933-09-5$a 899.221 3 Vin i$a 899.221 3$a Novel$a 33895/DAK/2023$a 33896/DAK/2023